000 00479nam a2200169 a 4500
005 20260416150449.0
008 260310s2026##################000#0#eng##
020 _a9798182742733
_qhbk
082 0 4 _a362.18 MCG
100 _aMcGlown,K.Joanne
245 1 0 _aTerrorism and disaster management
_c/K.Joanne McGlown
250 _a1st ed.
260 _aNew Delhi:
_bPantagon Press,
_c2007.
300 _axv,336p.
_c;25cm.
650 _aEmergency medical services
942 _cENGLISH
999 _c617386
_d617386